000 00974 a2200229 4500
010 _aENG-85420
020 _c395.00
_a8173414300
035 _aEN-68953
037 _bD.B.Act / Pub
082 1 4 _a181.07
090 _c2788
_d2788
100 1 _aShah, Muhammad Maroof
245 1 _aProblem of evil in Muslim philosophy
_cby Muhammad Maroof Shah
_ba case study of Iqbal
260 _aDelhi
_bIndian Publishers' Distributors
_c2007
270 _a156-D, Kamla Nagar, Delhi-110007
_bDelhi
_cDelhi
_e110007
_k23846233, 23840715
_l23846233
_mipd@mailandnews.com
300 _ax, 188 p.
_c21 cm (Hb)
500 _aIncludes bibliographical references and index
650 _aMuslim philosophy
942 _adpl
_cEN
_k181.07 / SHA
999 _c2735
_d2735